000
00237nam a2200085Ia 4500
008
120527s9999 xx 000 0 und d
245
_a
Sustainable food production in subsaharan Africa 2 constraints and op
260
_b
I.I.T.A
942
_c
BK
999
_c
25170
_d
25170